| 000 | 00840nam a2200241Ia 4500 | ||
|---|---|---|---|
| 003 | OSt | ||
| 005 | 20220918111957.0 | ||
| 006 | a|||||r|||| 00| 0 | ||
| 007 | ta | ||
| 008 | 220915b |||||||| |||| 00| 0 hin d | ||
| 024 | _a247962 | ||
| 037 | _cTextbook | ||
| 040 |
_bhin _aARTS _cARTS |
||
| 041 | _ahin | ||
| 082 | _aP152,4:g, L2 | ||
| 100 |
_aवर्मा, जयनारायण _91722 |
||
| 245 | 0 | _aहरियाणवी लोकोक्तियॉं शास्त्रीय विश्लेषण | |
| 246 | _aBaudh dharma aur bihāra | ||
| 260 |
_aदिल्ली _bआदर्श साहित्य प्रकाशन भारत _c1972 |
||
| 300 |
_a152पृ0 _ccm. |
||
| 942 |
_hP152,4:g, L2 _cTB _2CC |
||
| 999 |
_c117657 _d117657 |
||